Music Quiz

Random Music or Clickable Quiz

Epic MOTOWN Clickable Minefield Quiz Stats

Quiz not verified by Sporcle

Challenge
Share
Tweet
Embed
Score 0/50 Timer 10:00
3 Plays Today
% Correct
???
54.3%
???
41.1%
???
37.7%
???
36.6%
???
34.9%
???
34.9%
???
34.9%
???
34.3%
???
32.6%
???
32.6%
???
32%
???
28%
???
27.4%
???
27.4%
???
27.4%
???
26.3%
???
26.3%
???
25.7%
???
25.7%
???
25.1%
???
24.6%
???
24%
???
24%
???
22.3%
???
21.7%
% Correct
???
21.7%
???
19.4%
???
18.9%
???
18.9%
???
18.3%
???
18.3%
???
16.6%
???
16.6%
???
16%
???
14.3%
???
13.1%
???
13.1%
???
13.1%
???
12.6%
???
12.6%
???
11.4%
???
10.3%
???
9.7%
???
9.7%
???
5.7%
???
4.6%
???
4.6%
???
4.6%
???
4%
???
2.3%

You're not logged in!

Compare scores with friends on all Sporcle quizzes.
Join for Free
OR
Log In

You Might Also Like...

Show Comments

Extras

Created Jan 30, 2017ReportNominate
Tags:Clickable Quiz, motown

Top Quizzes Today


Score Distribution

Your Account Isn't Verified!

In order to create a playlist on Sporcle, you need to verify the email address you used during registration. Go to your Sporcle Settings to finish the process.

Report this User

Report this user for behavior that violates our Community Guidelines.

Details: